1086 1208 1164 1048 1724 1998 1701 1344 1970 1281 1792 1346 1619 1617 1520 1080 1926 1060 1766 1692 1112 1887 1220 1658 1099 1859 1698 1903 1432 1954 1837 1558 1324 1851 1728 1580 1231 1653 1696 1643 1249 1687 1706 1263 1109 1089 1252 1707 1266 1666 1099 1835 1712 1784 1799 1203 1927 1995 1480 1770 1476 1534 1508 1304 1798 1769 1216 1228 1090 1336 1437 1938 1430 1997 1190 1499 1626 1394 1273 1909 1669 1969 1280 1813 1208 1260 1689 1010 1129 1029 1774 1987 1561 1534 1079 1907 1118 1632 1072 BCNSPRNW ULIB Ver.6.0+V

เปลี่ยนเป็นภาษาไทย

Change to English
 แสดงรายละเอียดบรรณานุกรม
  กลับหน้าหลัก

Brief Record : Get Marc (ISO 2709) : E-mail record : QR code < ปิดหน้าต่าง
LEADER : 00000nam 2200000uu 4500
001    13399111373
003     ULIB
008    110623s2000||||th 000 0 eng d
020    0781725917
024    9780781724043
060 04 WQ18.2^bM294 2000
245 00 Manual of obstetrics /^cedited by Arthur T. Evans, KennethR. Niswander
250    6th ed.
260    Philadelphia :^bLippincott Williams & Wilkins,^c2000
300    xiii, 540 p. ;^c21 cm.
504    Includes bibliographical references
650  2 Contraception^xoutlines
650  2 Obstetrics^xoutlines
650  2 Perinatology^xoutlines
650  2 Pregnancy Complications^voutlines
700 1  Evans, Arthur T.,^eed
700 1  Niswander, Kenneth R.,^d1924- ,^eed.
945    ^p810^l0^i012481
995     Kesorn
999 ^a ใช้งานได้ทุกระบบ
รายการนี้ยังไม่มีแท็ก
คุณยังไม่ได้ล็อกอิน คุณสามารถมีกิจกรรมร่วมกับเว็บไซต์ได้ แต่ต้องล็อกอินก่อน ::
  ล็อกอิน

รายการสื่อสารสนเทศ

ลำดับที่ ประเภท เลขเรียก/บาร์โค้ด สถานที่ สถานะ
- ไม่พบข้อมูล -

BibComment


ยังไม่เคยถูกคอมเมนท์

คอมเมนท์ทรัพยากรรายการนี้
  คอมเมนท์: Manual of obstetr..


 Copyright 2026. Bcnsprnw @Library